Magnetické slová

Podrobná bibliografia
Hlavný autor: Faulkner, Keith (Autor)
Ďalší autori: Baker, Piers (Ilustrátor), Silnická, Oľga (Prekladateľ)
Médium: Kniha
Jazyk:slovenčina
Fyzický popis:[12] s. fareb. ilustr. 34 cm magnetické písmenká
Vydavateľské údaje: Bratislava Egmont Neografia 1998
ISBN:8071349011
Predmet:

MARC

LEADER 00000nam a2200000 a 4500
001 vtls001346071
003 SK-MaSNL
005 20260301200728.0
008 240318s1998 xo a r slo
015 |a SNBA1999/02-00479 
020 |a 8071349011 
035 |a SNK000299309 
035 |a urn:nbn:sk:snk-amtjuq 
035 |a urn:nbn:sk:snk-am00c8hl 
035 |a B3C36162-F007-4826-80F1-770BDB2C1DC9 
040 |a SNK  |b slo  |c SNK  |e AACR2 
041 0 |a slo 
044 |a xo  |c SK 
080 |a 372.45:372.3(087.5)  |2 1981 
100 1 |a Faulkner, Keith  |4 aut  |9 43658 
245 1 0 |a Magnetické slová  |c napísal Keith Faulkner ; výtvarne navrhol Piers Baker ; preložila Oľga Silnická ml. 
260 |a Bratislava  |b Egmont Neografia  |c 1998 
300 |a [12] s.  |b fareb. ilustr.  |c 34 cm  |e magnetické písmenká 
500 |a Ilustr. na tit. strane 
500 |a Údaj o prekl. prevzatý z front. 
521 |a Pre deti od 3 rokov 
650 0 7 |a písanie  |x knihy pre deti  |2 SNK  |9 580310 
655 7 |a príručky  |2 SNK  |9 74364 
700 1 |a Baker, Piers  |4 ill  |9 42680 
700 1 |a Silnická, Oľga  |4 trl  |9 46808 
919 |a 80-7134-901-1 
958 |a TL 
958 |a OP 
958 |a BQ 
958 |a DB 
999 |c 891815  |d 893745 
952 |t P60, <03>, [BOOK], {603}  |a SNK  |b SNK  |y PREZ  |7 0  |p 17A0165528  |o snkSB 59450  |i snkKSP 9917/98  |0 0  |1 0  |4 0  |d 1998-10-27  |f 1  |l 0  |r 2025-04-08 00:00:00  |w 2026-02-24 
952 |t P60, <04>, [BOOK], {604}  |a SNK  |b SNK  |y VYP  |7 0  |p 17A0165530  |o snkSB 59450 D1  |i snkKSP 9918/98  |0 0  |1 0  |4 0  |d 1998-10-27  |l 0  |r 2005-01-02 00:00:00  |w 2026-02-24